000 00252nam a2200097Ia 4500
001 762821
005 20250826165233.0
008 250824s9999 xx 000 0 und d
245 0 _aPOLLYANNA
_cELEANOR H. PORTER
260 _bTÜRKİYE İŞ BANKASI YAYINLARI
999 _c762821
_d762821